Proceso por don Pedro Lopez de Ayala Conde de Fuensalida con la Marquesa de Villanueva del Fresno Doña Francisca Portocarrero sobre la nulidad de matrimonio

Detalles Bibliográficos
Otros Autores: Pedro Lopez de Ayala
Formato: Libro
Publicado: Alcalá, s.f.
Materias:
Colección:Banco de datos
Acervo:Biblioteca Palafoxiana. Colección de Manuscritos
Descripción Física:4 f. ; 22 x 35 cm.
Tema general:Eclesiástica
LEADER 00502nam a22001450004500
035 |a 47 
245 1 0 |a Proceso por don Pedro Lopez de Ayala Conde de Fuensalida con la Marquesa de Villanueva del Fresno Doña Francisca Portocarrero sobre la nulidad de matrimonio 
260 |a Alcalá, s.f. 
300 |a 4 f. ; 22 x 35 cm. 
650 1 0 |a Eclesiástica 
700 1 |a Pedro Lopez de Ayala 
949 |a 09595/008 
942 |c PALAMANU 
943 |g Biblioteca Palafoxiana. Colección de Manuscritos 
999 |c 1067992  |d 1067992